Responses for show #868 - Wednesday, May 18, 1988

1988 Senior Tournament semifinal game 3.

Contestants

[<< previous game]

Tom Wickham, an airline pilot from Torrington, Connecticut

Ross Cameron, a student from Vallejo, California

Louise Reyburn Dice, a farmer and writer from Taos, New Mexico

[next game >>]

Jeopardy! Round responses

U.S. GEOGRAPHY
PEOPLE
BODY LANGUAGE
(Alex: All the correct responses will contain at least one part of the body.)
NOAH
TOOLS
OSCAR-WINNING SONGS
    $100 3
Florida

Louise
    $100 20
Barbara Cartland

Louise
    $100 1
hairs

Louise
    $100 9
40

Ross
    $100 26
[The end of the round sound signals and Alex shares that there was an Audio Daily Double in the $400 clue of OSCAR-WINNING SONGS.]

to tamp down his tobacco (in the bowl)

Louise
    $100 21
(Alex: One minute to go in the round.)

"Thanks for the Memory"

Ross
    $200 5
Jefferson City

Louise
    $200 19
Armand Hammer

Ross
    $200 2
neck

Tom
    $200 10
rainbow

Louise
    $200 25
fork

Louise
    $300 17
Boston

Ross
    $300 14
Helen Hayes

Ross
    $300 4
head

Tom
    $300 11
Adam

Ross
    $300 24
(Tom: What's a rebus?)

jigsaw (puzzles)

LouiseTom
    $400 18
(Tom: What is Nevada?)
(Louise: What is New Mexico?)

Alaska

LouiseTom
Triple Stumper
    $400 15
Segovia

Louise
    $400 6
toe

Louise
    $400 12
[Laughter]

fish

Triple Stumper
    $400 23
(What is colors or [*]?)

paints

Tom
    $500 8
(Ross: What is Maine?)

Texas

LouiseRoss
    $500 16
(Louise: Who is Katharine Ross?)

(Katharine) Graham

LouiseTom
    $500 7
(Louise: What is pugilism?)

fisticuffs

LouiseTom
    $500 13
vines (grapes)

Louise
    $500 22
Allen wrench

Tom

Scores at the first commercial break (after clue 13):

Louise Ross Tom
$1,500 -$100 $1,000

Scores at the end of the Jeopardy! Round:

Louise Ross Tom
$1,700 $800 $1,700

Double Jeopardy! Round responses

FIRST LADIES
PAINTERS
BLACK AMERICA
'40s TELEVISION
"F" IN SCIENCE
OH, SHAW!
    $200 11
White House lawn

Louise
    $200 25
(Tom: Who is Rembrandt?)

(Jan) Vermeer

RossTom
    $200 19
Harlem

Ross
    $200 8
Texaco

Ross
    $200 10
(Ross: What are bones?)
(Louise: What are rocks?)
(Tom: What are [*]?)
[Laughter]
(Alex: Tom remembered the category!)

fossils

LouiseRossTom
    $200 29
[The end of the round sound signals.]

Dublin

Ross
    $400 26
Dolley Madison

Ross
    $400 24
Mona Lisa

Louise
    $400 20
poll taxes

Louise
    $400 7
Fred Waring

Ross
    $400 1
(Louise: What is [?])
[Louise's incorrect response sounded like, "an eel."]

Freon

LouiseTom
    $400 15
Joan of Arc (Saint Joan)

Louise
    $600 16
Jacqueline Kennedy

Louise
    $600 21
Picasso

Louise
    $600 4
private eye

Ross
    $600 9
fulcrum

Tom
    $600 14
T.E. Lawrence

Ross
    $2,000 17
Eleanor Roosevelt

Louise
    $800 22
Sir Joshua Reynolds

Louise
    $800 28
Ben Vereen

Triple Stumper
    $800 5
(Ross: What is a magician?)
(Alex: Be a little more specific.)

mentalist

Ross
    $1,000 3
fermentation

Ross
    $800 12
Caesar and Cleopatra

Louise
    $1000 18
Andrew Carnegie

Tom
    $1000 23
(Alex: Louise, select again, please, with less than a minute to go in the round.)

Velázquez

Triple Stumper
    $1000 27
National Security Advisor

Louise
    $1000 6
Mike Douglas

Triple Stumper
    $1000 2
(Michael) Faraday

Ross
    $1000 13
(Alex: He displayed the award prominently however.)

Pygmalion

Louise

Scores at the end of the Double Jeopardy! Round:

Louise Ross Tom
$9,300 $6,200 $3,700

[wagering suggestions for these scores]

Final Jeopardy! Round responses

RIVERS
TomWhat are Thames & Tiber
$3,600
RossWhat are the Thames & Tigris
$6,200
LouiseWhat are the Thames & the Tiber?
$3,101
(2 of) Thames, Tiber or Tagus

Final scores:

Louise Ross Tom
$12,401 $0 $7,300
Finalist 3rd place: $5,000 2nd place: $5,000

Game dynamics:

Coryat scores:

Louise Ross Tom
$8,100 $6,000 $3,700
23 R
(including 1 DD),
5 W
17 R
(including 1 DD),
2 W
10 R,
3 W

Combined Coryat: $17,800

The J! Archive is created by fans, for fans. The Jeopardy! game show and all elements thereof, including but not limited to copyright and trademark thereto, are the property of Jeopardy Productions, Inc. and are protected under law. This website is not affiliated with, sponsored by, or operated by Jeopardy Productions, Inc. Join the discussion at JBoard.tv.